|
|
|
|
| LEADER |
00000nla2a2200000 4500 |
| 001 |
660890 |
| 005 |
20240215145047.0 |
| 035 |
|
|
|a (RuTPU)RU\TPU\network\31003
|
| 035 |
|
|
|a RU\TPU\network\30999
|
| 090 |
|
|
|a 660890
|
| 100 |
|
|
|a 20191105a2019 k y0engy50 ba
|
| 101 |
0 |
|
|a eng
|
| 102 |
|
|
|a RU
|
| 105 |
|
|
|a y z 100zy
|
| 135 |
|
|
|a drgn ---uucaa
|
| 181 |
|
0 |
|a i
|
| 182 |
|
0 |
|a b
|
| 200 |
1 |
|
|a Thermal-Diffusion Model of Ion Implantation with Soret and Dufour Effects
|f M. V. Chepak-Gizbrekht, A. G. Knyazeva
|
| 203 |
|
|
|a Text
|c electronic
|
| 225 |
1 |
|
|a Basic Mechanisms, Theory and Fundamental. Poster Session
|
| 300 |
|
|
|a Заглавие с экрана
|
| 320 |
|
|
|a [References: p. 128 (1 tit.)]
|
| 463 |
|
0 |
|0 (RuTPU)RU\TPU\network\30793
|t Surface Modification of Materials by Ion Beams (SMMIB-2019)
|o 21st International Conference, 25-30 August 2019, Tomsk, Russia
|o abstract book
|f National Research Tomsk Polytechnic University (TPU)
|v [P. 128]
|d 2019
|
| 610 |
1 |
|
|a электронный ресурс
|
| 610 |
1 |
|
|a труды учёных ТПУ
|
| 610 |
1 |
|
|a моделирование
|
| 610 |
1 |
|
|a термодиффузия
|
| 610 |
1 |
|
|a эффект Соре
|
| 610 |
1 |
|
|a ионная имплантация
|
| 610 |
1 |
|
|a modeling
|
| 610 |
1 |
|
|a Soret effect
|
| 610 |
1 |
|
|a Dufour effect
|
| 610 |
1 |
|
|a thermal diffusion
|
| 700 |
|
1 |
|a Chepak-Gizbrekht
|b M. V.
|c specialist in the field of informatics and computer technology
|c programmer of Tomsk Polytechnic University
|f 1990-
|g Mariya Vladimirovna
|3 (RuTPU)RU\TPU\pers\34531
|
| 701 |
|
1 |
|a Knyazeva
|b A. G.
|c Russian physicist
|c Professor of Tomsk Polytechnic University, doctor of physico-mathematical Sciences
|f 1962-
|g Anna Georgievna
|3 (RuTPU)RU\TPU\pers\32712
|9 16597
|
| 712 |
0 |
2 |
|a Национальный исследовательский Томский политехнический университет
|b Инженерная школа новых производственных технологий
|b Отделение материаловедения
|3 (RuTPU)RU\TPU\col\23508
|
| 801 |
|
2 |
|a RU
|b 63413507
|c 20191105
|g RCR
|
| 856 |
4 |
|
|u https://smmib.ru/assets/files/SMMIB2019_TOMSK_full.pdf#page=129
|
| 942 |
|
|
|c CF
|